Children today / (Record no. 984)

000 -LEADER
fixed length control field 01711cam a2200421 a 4500
003 - CONTROL NUMBER IDENTIFIER
control field CaAEU
005 - DATE AND TIME OF LATEST TRANSACTION
control field 20210623065936.0
008 - FIXED-LENGTH DATA ELEMENTS--GENERAL INFORMATION
fixed length control field 000127s2002 oncac b 001 0 eng c
020 ## - INTERNATIONAL STANDARD BOOK NUMBER
International Standard Book Number 013099085X (paper)
020 ## - INTERNATIONAL STANDARD BOOK NUMBER
International Standard Book Number 0130447447 (CDROM)
040 ## - CATALOGING SOURCE
Transcribing agency ALUPE UNIVERSITY
050 ## - LIBRARY OF CONGRESS CALL NUMBER
Classification number HQ 767.9
Item number .C73 2002
090 ## - LOCALLY ASSIGNED LC-TYPE CALL NUMBER (OCLC); LOCAL CALL NUMBER (RLIN)
Classification number (OCLC) (R) ; Classification number, CALL (RLIN) (NR) HQ 767.9 C73 2002
Local cutter number (OCLC) ; Book number/undivided call number, CALL (RLIN) AEVAC
090 ## - LOCALLY ASSIGNED LC-TYPE CALL NUMBER (OCLC); LOCAL CALL NUMBER (RLIN)
Classification number (OCLC) (R) ; Classification number, CALL (RLIN) (NR) HQ767.9 .C73 2002
Local cutter number (OCLC) ; Book number/undivided call number, CALL (RLIN) AEGMCT
100 1# - MAIN ENTRY--PERSONAL NAME
Personal name Craig, Grace J.
245 10 - TITLE STATEMENT
Title Children today /
Statement of responsibility, etc. Grace J. Craig, Marguerite D. Kermis, Nancy L. Digdon.
250 ## - EDITION STATEMENT
Edition statement 2nd Canadian ed., Media companion ed.
260 ## - PUBLICATION, DISTRIBUTION, ETC.
Place of publication, distribution, etc. Toronto :
Name of publisher, distributor, etc. Prentice Hall,
Date of publication, distribution, etc. c2002.
300 ## - PHYSICAL DESCRIPTION
Extent xix, 588 p. :
Other physical details col. ill., col. ports. ;
Dimensions 28 cm. +
Accompanying material 1 computer optical disc (4 3/4 in.)
336 ## - CONTENT TYPE
Content type term text
Content type code txt
Source rdacontent
337 ## - MEDIA TYPE
Media type term unmediated
Media type code n
Source rdamedia
338 ## - CARRIER TYPE
Carrier type term volume
Carrier type code nc
Source rdacarrier
500 ## - GENERAL NOTE
General note Accompanying disc titled: Media companion to accompany Children today, 2nd Canadian edition.
500 ## - GENERAL NOTE
General note Accompanying disc inserted in pocket inside cover.
504 ## - BIBLIOGRAPHY, ETC. NOTE
Bibliography, etc. note Includes bibliographical references (p. 535-567) and indexes.
650 #0 - SUBJECT ADDED ENTRY--TOPICAL TERM
Topical term or geographic name entry element Child development.
700 1# - ADDED ENTRY--PERSONAL NAME
Personal name Kermis, Marguerite D.,
Dates associated with a name 1948-
700 1# - ADDED ENTRY--PERSONAL NAME
Personal name Digdon, Nancy Linda,
Dates associated with a name 1958-
856 42 - ELECTRONIC LOCATION AND ACCESS
Uniform Resource Identifier http://cwx.prenhall.com/bookbind/pubbooks/craig_ca/chapter1/deluxe.html
942 ## - ADDED ENTRY ELEMENTS (KOHA)
Institution code [OBSOLETE] hsw1okq3tsvhuozhsk5934fjesgv4m2n
Source of classification or shelving scheme
Koha item type Book
Suppress in OPAC SO
948 ## - LOCAL PROCESSING INFORMATION (OCLC); SERIES PART DESIGNATOR (RLIN)
Series part designator, SPT (RLIN) 06/30/2004
b (OCLC) 05/27/2008
z (OCLC) Sirsi
Holdings
Withdrawn status Lost status Source of classification or shelving scheme Damaged status Not for loan Permanent Location Current Location Shelving location Date acquired Total Checkouts Full call number Barcode Date last seen Price effective from Koha item type Public note
          AU LIBRARY AU LIBRARY Open Shelf 23.06.2021   HQ 767.9 .C73 2002 28000256 23.06.2021 23.06.2021 Book SO

Powered by Koha